| 000 | 00570nam a2200169 4500 | ||
|---|---|---|---|
| 001 | 109752 | ||
| 003 | ES-MaACL | ||
| 005 | 20230906184914.0 | ||
| 007 | t| | ||
| 008 | 061121s1980 sp r ||||1| spa d | ||
| 100 | 1 |
_aMuñiz Coello, Joaquín. _984272 |
|
| 245 | 1 | 3 |
_aEl sistema fiscal en la España romana _b: (República y Alto Imperio) / _cJoaquín Muñiz Coello. |
| 260 |
_aHuelva : _bColegio Universitario de La Rábida, _c1980. |
||
| 300 |
_aVII, 362 p. ; _c21 cm. |
||
| 710 | 2 |
_aColegio Universitario de La Rábida. _92990 |
|
| 852 |
_aES-MaACL _jL-176 _bR.100495 |
||
| 999 |
_c109752 _d109752 |
||